• 首页
  • 本馆介绍
  • 公告通知
  • 最新文献
  • 馆藏检索
  • 电子资源
  • 读者导购
  • 参考咨询
  • 我的图书馆
  • 登录
  • 详细信息显示
  • 放入我的书架
  • 预约/预借图书
  • 作者相关作品
  • 分类相关作品
  • 丛书相关作品
  • 出版社相关作品

书目信息

  • 表格格式
  • 工作单格式
  • 卡片格式
题名:
夜航船
    
 
作者: 张岱 著 ;杨四平 , 杨柏林 译
分册: 四  
出版信息: 贵阳   贵州人民出版社  2020.05
页数: 1029-1282页
开本: 21cm
丛书名:
单 册:
中图分类: K248.066
科图分类:
主题词: 笔记--中国--明代 , 明代--古代史--史料
电子资源:
ISBN: 978-7-221-15991-5
000 01067nam0 2200289 450
001 0120203036070
005 20201027100300.34
010    @a978-7-221-15991-5@dCNY42.00,CNY168.00(全4册)
100    @a20200713d2020 em y0chiy50 ea
101 0  @achi
102    @aCN@b520000
105    @ay z 000yy
106    @ar
200 1  @a夜航船@9ye hang chuan@b专著@h四@f(明)张岱著@g杨四平,杨柏林译
210    @a贵阳@c贵州人民出版社@d2020.05
215    @a1029-1282页@d21cm
300    @a文白对照 经典全译
330    @a湮没近300年才出世的《夜航船》是明末清初文学家、史学家张贷所著的百科全书,遍采三教九流、诸子百家、人伦政事、礼乐科举、职官考古、草木花卉、禽兽鳞、鬼神怪异、日用宝玩、方术技艺等20部类4000余条目,是现代人了解、学习古代文化常识的必备经典。
333    @a历史爱好者
606 0  @a笔记@y中国@z明代
606 0  @a明代@x古代史@j史料
690    @aK248.066@v5
701  0 @c(明)@a张岱@9zhang dai@4著
702  0 @a杨四平@9yang si ping@4译
702  0 @a杨柏林@9yang bo lin@4译
801  0 @aCN@b人天书店@c20200713
905    @b1296969-72@dK248.066@e146:4@f4
    
    夜航船.四/(明)张岱著/杨四平,杨柏林译.-贵阳:贵州人民出版社,2020.05
    1029-1282页;21cm
    文白对照 经典全译.-使用对象:历史爱好者
    
    ISBN 978-7-221-15991-5:CNY42.00,CNY168.00(全4册)
    湮没近300年才出世的《夜航船》是明末清初文学家、史学家张贷所著的百科全书,遍采三教九流、诸子百家、人伦政事、礼乐科举、职官考古、草木花卉、禽兽鳞、鬼神怪异、日用宝玩、方术技艺等20部类4000余条目,是现代人了解、学习古代文化常识的必备经典。
●
相关链接 在E读中查询图书 在五车中查询图书 在当当中查询图书 在豆瓣中查询图书


正题名:夜航船     索取号:K248.066/146:4         预约/预借

序号 登录号 条形码 馆藏地/架位号 状态 备注
1 1296969   212969698   第二样本阅览室/ [索取号:K248.066/146:4] 在馆    
2 1296970   212969705   第二借阅区/ [索取号:K248.066/146:4] 在馆    
3 1296971   212969714   第二借阅区/ [索取号:K248.066/146:4] 在馆    
4 1296972   212969723   第二借阅区/ [索取号:K248.066/146:4] 在馆    
欢迎您!
大连网信软件有限公司© 版权所有